=LDR 00000nam 2200000 4500 =001 000976 =005 20250712020914 =035 ##$$a 0010-0725000855 =007 ta =008 250712################a##########0#ind## =020 ##$$a 978-623-307-228-1 =082 ##$$a 398. 209 598 =084 ##$$a 398. 209 598 RIA d =100 #$$a Rianas, Laveta Pamela =245 1#$$a Danau Laut Tador /$c Laveta Pamela Rianas =250 ##$$a Cetakan Pertama =260 ##$$a Jakarta Timur :$b Badan Pengembangan dan Pembinaan Bahasa,$c 2024 =300 ##$$a 28 hlm. : $b Ilus. ; $c 29,7 cm =650 #4$$a Komik-Indonesia =650 #4$$a Literasi-Bahan Bacaan =990 ##$$a TBM202400646